| 000 | 00463nam a22001457a 4500 | ||
|---|---|---|---|
| 999 |
_c15328 _d15328 |
||
| 082 |
_a631.7 _bSUS/DE |
||
| 100 |
_aSUSEELA, P _92981 |
||
| 245 | _aDesign, fabrication and evaluation of the operformance characteristics of hydraulic ram by varying the variouos parameters | ||
| 260 |
_aTavanur _bKelappaji College of Agricultural Engineering and Technology _c1989 |
||
| 300 | _a150 | ||
| 500 | _aThesis | ||
| 520 | _aThesis | ||
| 650 |
_aThesis _92982 |
||
| 942 | _cTH | ||